000 00607cam a22002051 4500
001 sg 46000317
003 DLC
005 20260227112751.0
008 810815s1946 xx a 000 0 eng
010 _asg 46000317
035 _a(OCoLC)14752739
040 _aDLC
_cDNLM
_dDLC
042 _apremarc
050 0 0 _aR728
_b.D67
060 0 _aW 80
_bD733d 1946
100 1 _aDouglas, Dwight M.
245 1 4 _aThe doctor collects;
_ba handbook of medical and dental collection procedure,
_cby Dwight M. Douglas.
260 _aSan Francisco, Calif.,
_bWilliam C. Rice company
_c[c1946]
300 _a158 p.
_bill.
999 _c90875
_d90875